00341nam a2200133Ia 4500008004100000041000800041082001500049100001600064245004700080260004100127300000800168650001200176999001900188230817s1967 xx 000 0 und d aeng a348048/CHA aChaitely DV aAll India Reporter -1967 MP,Madras,Manipur aNagpurbThe All India Reporterc1967 a45p aREPORTS c843715d843715